[Event "FRA-ch High Schools"]
[Site "Asnieres sur Seine"]
[Date "2018.05.05"]
[Round "2.9"]
[White "Dumas, Charles"]
[Black "Adiaba, Philippe"]
[Result "1-0"]
[WhiteElo "2061"]
[BlackElo "1610"]
[PlyCount "55"]
[EventDate "2018.05.12"]
[EventType "swiss (rapid)"]
[EventRounds "17"]
[EventCountry "FRA"]
[SourceTitle "EXT 2019"]
[Source "ChessBase"]
[SourceDate "2018.10.10"]
[SourceVersion "1"]
[SourceVersionDate "2018.10.10"]
[SourceQuality "1"]

1. e4 e5 2. Nc3 c5 3. Bc4 Nc6 4. d3 d6 5. f4 Na5 6. Bb5+ Bd7 7. Bxd7+ Qxd7 8. Nf3 Nc6 9. 0-0 Nf6 10. Qe1 Be7 11. f5 Nb4 12. Qf2 Ng4 13. Qe2 b5 14. a3 Na6 15. h3 Nf6 16. Qf2 d5 17. Nxe5 Qb7 18. Bg5 dxe4 19. dxe4 c4 20. Rae1 Bc5 21. Be3 Bd6 22. Bd4 Qb8 23. Nxf7 Bh2+ 24. Kh1 Kxf7 25. e5 Ng4 26. hxg4 g6 27. fxg6+ Ke7 28. Nd5+ 1-0